লোডিং...

Law and environment

গ্রন্থ-পঞ্জীর বিবরন
বিন্যাস: Printed Book
ভাষা:English
প্রকাশিত: Lucknow Eastern Book Company 1992
বিষয়গুলি:
LEADER 00516nam a22001457a 4500
003 OSt
008 090713t xxu||||| |||| 00| 0 eng d
080 |a 349.6(540)  |b LEE'92 
245 |a Law and environment  |c edited by P. Leelakrishnan 
260 |a Lucknow  |b Eastern Book Company  |c 1992 
300 |a xix, 315p. 
653 |a Environmental law - India 
942 |c BK  |6 _ 
999 |c 188849  |d 188849 
952 |0 0  |1 0  |4 0  |6 3496540_LEE92  |7 0  |9 243711  |a SLS  |b SLS  |d 2009-07-13  |l 2  |o 349.6(540) LEE'92  |p SLS015613  |r 2017-01-31  |s 2017-01-11  |t 1  |w 2009-07-13  |y BK